Financial and economic analysis of hospitals operating in the region Žilina through the selected financial indicators

Aktuálny stav nemocníc v ZA kraji. Finančná analýza nemocníc na základe ukazovateľov likvidity, aktivity, zadlženia a ziskovosti.

Enregistré dans:
Détails bibliographiques
Auteur principal: Brezániová, Mária
Autres auteurs: Jantošová, Lucia
Format: Chapitre de livre
Langue:anglais
Sujets:
Tags: Ajouter un tag
Pas de tags, Soyez le premier à ajouter un tag!

MARC

LEADER 00000naa$a2200000$$$4500
001 0199397
005 20240502073356.7
041 0 |a eng 
044 |a SK 
245 1 0 |a Financial and economic analysis of hospitals operating in the region Žilina through the selected financial indicators  |c Mária Brezániová, Lucia Jantošová 
520 |a Aktuálny stav nemocníc v ZA kraji. Finančná analýza nemocníc na základe ukazovateľov likvidity, aktivity, zadlženia a ziskovosti. 
610 2 0 |a analýza finančná 
610 2 0 |a analýza ekonomická 
610 2 0 |a ukazovatele pomerové 
610 2 0 |a kraje 
100 1 |a Brezániová, Mária 
700 1 |a Jantošová, Lucia